Autodesk Survey : gretting started

שמור ב:
מידע ביבליוגרפי
מחבר תאגידי: Autodesk, Inc
פורמט: ספר
שפה:English
יצא לאור: [San Rafael, California] : Autodesk, c2001
נושאים:
תגים: הוספת תג
אין תגיות, היה/י הראשונ/ה לתייג את הרשומה!

MARC

LEADER 00000nam a2200000Ia 4500
003 001788
005 20221231144021.0
008 140114s2001 caua 000 ||eng d
040 |c cru CEDI 
082 |a 624.028.553 A939a 
245 |a Autodesk Survey : gretting started 
260 |a [San Rafael, California] : Autodesk,   |c c2001 
300 |a 52 páginas : ilustraciones 
650 |x INGENIERIA CIVIL - PROGRAMAS PARA COMPUTADORA   |x AUTO CAD - PROGRAMAS PARA COMPUTADORA  |9 19578 
710 |9 19574  |a  Autodesk, Inc. 
942 |2 ddc  |c BK 
999 |c 15664  |d 15664